<?xml version="1.0" encoding="UTF-8"?>
<record
    xmlns:xsi="http://www.w3.org/2001/XMLSchema-instance"
    xsi:schemaLocation="http://www.loc.gov/MARC21/slim http://www.loc.gov/standards/marcxml/schema/MARC21slim.xsd"
    xmlns="http://www.loc.gov/MARC21/slim">

  <leader>01254    a2200241   4500</leader>
  <controlfield tag="005">20080905115917.0</controlfield>
  <datafield tag="010" ind1=" " ind2=" ">
    <subfield code="a">HIN-80010</subfield>
  </datafield>
  <datafield tag="020" ind1=" " ind2=" ">
    <subfield code="a">8185829063</subfield>
    <subfield code="c">100.00</subfield>
  </datafield>
  <datafield tag="035" ind1=" " ind2=" ">
    <subfield code="a">HN-52356</subfield>
  </datafield>
  <datafield tag="037" ind1=" " ind2=" ">
    <subfield code="b">D.B.Act / pub</subfield>
  </datafield>
  <datafield tag="082" ind1=" " ind2=" ">
    <subfield code="a">363.7392</subfield>
  </datafield>
  <datafield tag="100" ind1=" " ind2=" ">
    <subfield code="a">&#x92E;&#x93F;&#x936;&#x94D;&#x930;,&#x936;&#x93F;&#x935;&#x917;&#x94B;&#x92A;&#x93E;&#x932;</subfield>
    <subfield code="9">45092</subfield>
  </datafield>
  <datafield tag="245" ind1=" " ind2=" ">
    <subfield code="a">&#x935;&#x93E;&#x92F;&#x941; &#x92A;&#x94D;&#x930;&#x926;&#x942;&#x937;&#x923;</subfield>
    <subfield code="c">&#x936;&#x93F;&#x935;&#x917;&#x94B;&#x92A;&#x93E;&#x932; &#x92E;&#x93F;&#x936;&#x94D;&#x930; &#x924;&#x925;&#x93E; &#x938;&#x941;&#x928;&#x940;&#x932;&#x926;&#x924;&#x94D;&#x924; &#x924;&#x93F;&#x935;&#x93E;&#x930;&#x940;</subfield>
  </datafield>
  <datafield tag="246" ind1=" " ind2=" ">
    <subfield code="a">Vayu Pradushan</subfield>
    <subfield code="b">by Sheo Gopal Mishra</subfield>
  </datafield>
  <datafield tag="260" ind1=" " ind2=" ">
    <subfield code="a">&#x926;&#x93F;&#x932;&#x94D;&#x932;&#x940;</subfield>
    <subfield code="b">&#x91C;&#x94D;&#x91E;&#x93E;&#x928; &#x917;&#x902;&#x917;&#x93E;</subfield>
    <subfield code="c">2006</subfield>
  </datafield>
  <datafield tag="270" ind1=" " ind2=" ">
    <subfield code="a">205-&#x938;&#x940; &#x91A;&#x93E;&#x935;&#x921;&#x93C;&#x940; &#x92C;&#x93E;&#x91C;&#x93E;&#x930;</subfield>
    <subfield code="b">&#x926;&#x93F;&#x932;&#x94D;&#x932;&#x940;</subfield>
    <subfield code="e">110006</subfield>
  </datafield>
  <datafield tag="300" ind1=" " ind2=" ">
    <subfield code="a">112&#x92A;&#x943;</subfield>
    <subfield code="c">22 &#x938;&#x947;&#x92E;&#x940; (&#x938;&#x91C;&#x93F;&#x932;&#x94D;&#x926;)</subfield>
  </datafield>
  <datafield tag="520" ind1=" " ind2=" ">
    <subfield code="a">Due to global warming ozon layer  damaged,changes in the earth has been highlighted in this book</subfield>
  </datafield>
  <datafield tag="650" ind1=" " ind2=" ">
    <subfield code="a">Pollution, Air</subfield>
    <subfield code="9">45093</subfield>
  </datafield>
  <datafield tag="700" ind1=" " ind2=" ">
    <subfield code="a">&#x924;&#x93F;&#x935;&#x93E;&#x930;&#x940;, &#x938;&#x941;&#x928;&#x940;&#x932; &#x926;&#x924;&#x94D;&#x924;</subfield>
    <subfield code="9">45094</subfield>
  </datafield>
  <datafield tag="942" ind1=" " ind2=" ">
    <subfield code="a">dpl</subfield>
    <subfield code="c">HN</subfield>
    <subfield code="k">363.7392 / &#x92E;&#x93F;&#x936;&#x94D;&#x930;&#x936;&#x93F;</subfield>
    <subfield code="2">ddc</subfield>
    <subfield code="h">363.7392 </subfield>
    <subfield code="m"> &#x92E;&#x93F;&#x936;&#x94D;&#x930;&#x936;&#x93F;</subfield>
  </datafield>
  <datafield tag="999" ind1=" " ind2=" ">
    <subfield code="c">4531</subfield>
    <subfield code="d">4531</subfield>
  </datafield>
  <datafield tag="952" ind1=" " ind2=" ">
    <subfield code="0">0</subfield>
    <subfield code="1">0</subfield>
    <subfield code="4">0</subfield>
    <subfield code="7">0</subfield>
    <subfield code="a">DBAD</subfield>
    <subfield code="b">DBAD</subfield>
    <subfield code="d">2008-09-05</subfield>
    <subfield code="g">100.00</subfield>
    <subfield code="l">0</subfield>
    <subfield code="o">363.7392   &#x92E;&#x93F;&#x936;&#x94D;&#x930;&#x936;&#x93F;</subfield>
    <subfield code="p">HN-52356</subfield>
    <subfield code="r">2008-09-15 00:00:00</subfield>
    <subfield code="t">1</subfield>
    <subfield code="u">4786</subfield>
    <subfield code="v">100.00</subfield>
    <subfield code="w">2008-09-15</subfield>
    <subfield code="y">HN</subfield>
  </datafield>
</record>
